1594 1553 1562 1758 1728 1971 1088 1612 1533 1466 1559 1206 1748 1450 1854 1026 1869 1776 1479 1572 1995 1222 1776 1892 1477 1040 1385 1916 1696 1473 1088 1998 1078 1387 1307 1763 1501 1384 1820 1586 1633 1333 1873 1149 1615 1117 1121 1661 1888 1757 1007 1495 1504 1786 1154 1620 1998 1804 1202 1437 1576 1520 1669 1897 1229 1751 1172 1745 1125 2000 1902 1066 1573 1769 1823 1592 1761 1095 1293 1986 1646 1759 1983 1493 1033 1386 1112 1834 1322 1461 1808 1544 1165 1998 1632 1981 1720 1094 1242 BCNSPRNW ULIB Ver.6.0+V

เปลี่ยนเป็นภาษาไทย

Change to English
 แสดงรายละเอียดบรรณานุกรม
  กลับหน้าหลัก

Brief Record : Get Marc (ISO 2709) : E-mail record : QR code < ปิดหน้าต่าง
LEADER : 00000nam 2200000uu 4500
001    13399110765
003     ULIB
008    110608s2553||||th 000 0 tha d
020    9789749751060
050  4 HQ772^bบ149ส 2553
100 0  บรรจบ ชุณหสวัสดิกุล
245 10 สอนลูกให้เรียนเก่ง /^cบรรจบ ชุณหสวัสดิกุล, ลลิตา ธีระสิริเขียน
250    พิมพ์ครั้งที่ 3
260    กรุงเทพฯ :^bรวมทรรศน์,^c2553
300     239 หน้า :^bภาพประกอบ ;^c21 ซม. +^e1 ซีดี-รอม
440  0 ชุดธรรมชาติบำบัดและรักษาตนเอง
650  7 จิตวิทยาเด็ก
650  7 เด็ก^xการดูแล
650  7 บิดามารดาและบุตร
650  7 พัฒนาการของเด็ก
700 0  ลลิตา ธีระสิริ
945    ^p250^l0^i028666
945    ^p250^l0^i028646
945    ^p250^l0^i028645
995    เกษร
999 ^a ใช้งานได้ทุกระบบ
รายการนี้ยังไม่มีแท็ก
คุณยังไม่ได้ล็อกอิน คุณสามารถมีกิจกรรมร่วมกับเว็บไซต์ได้ แต่ต้องล็อกอินก่อน ::
  ล็อกอิน

รายการสื่อสารสนเทศ

ลำดับที่ ประเภท เลขเรียก/บาร์โค้ด สถานที่ สถานะ
1. วิทยาศาสตร์การแพทย์ และสุขภาพ
วิทยาศาสตร์การแพทย์ และสุขภาพ
HQ772 บ149ส 2553 ฉ.1 
  Barcode: 028645
ห้องสมุดวิทยาเขตสวรรค์ประชารักษ์
►ส่วนจัดเก็บหนังสือเก่า สปร
บนชั้น
  ขอยืม
2. วิทยาศาสตร์การแพทย์ และสุขภาพ
วิทยาศาสตร์การแพทย์ และสุขภาพ
HQ772 บ149ส 2553 ฉ.2 
  Barcode: 028646
ห้องสมุดวิทยาเขตสวรรค์ประชารักษ์
►ส่วนจัดเก็บหนังสือเก่า สปร
บนชั้น
  ขอยืม
3. วิทยาศาสตร์การแพทย์ และสุขภาพ
วิทยาศาสตร์การแพทย์ และสุขภาพ
HQ772 บ149ส 2553 ฉ.3 
  Barcode: 028666
ห้องสมุดวิทยาเขตสวรรค์ประชารักษ์
►ส่วนจัดเก็บหนังสือเก่า สปร
บนชั้น
  ขอยืม

รายการใกล้เคียง
    ผู้แต่ง [บรรจบ ชุณหสวัสดิกุล]

    หัวเรื่อง [จิตวิทยาเด็ก]
    หัวเรื่อง [เด็ก การดูแล]
    หัวเรื่อง [บิดามารดาและบุตร]
    หัวเรื่อง [พัฒนาการของเด็ก]

BibComment


ยังไม่เคยถูกคอมเมนท์

คอมเมนท์ทรัพยากรรายการนี้
  คอมเมนท์: สอนลูกให้เรียนเก่..


 Copyright 2026. Bcnsprnw @Library